| Tag |
First Indicator |
Second Indicator |
Subfields |
| LEADER |
00000cam a22000001a 4500 |
| 001 |
in00004152521 |
| 005 |
20200117100430.0 |
| 006 |
m d f |
| 007 |
cr bn mmmapmmp |
| 008 |
150824s2015 mdu o f000 0 eng d |
| 035 |
|
|
|a chdc20150619
|
| 040 |
|
|
|a UMI
|c UMI
|d UtOrBLW
|
| 043 |
|
|
|a n-us---
|
| 086 |
0 |
|
|a Y 4.G 74/7:114-4
|
| 110 |
1 |
|
|a United States.
|b Congress.
|b House.
|b Committee on Oversight and Government Reform.
|0 http://id.loc.gov/authorities/names/no2007034839
|
| 245 |
1 |
0 |
|a Inspectors General :
|b Independence, Access and Authority.
|
| 264 |
|
1 |
|a Bethesda, Md. :
|b ProQuest,
|c 2015.
|
| 300 |
|
|
|a 94 pages, digital, PDF file.
|
| 336 |
|
|
|a text
|b txt
|2 rdacontent
|
| 337 |
|
|
|a computer
|b c
|2 rdamedia
|
| 338 |
|
|
|a online resource
|b cr
|2 rdacarrier
|
| 500 |
|
|
|a Record is based on bibliographic data in ProQuest U.S. Congressional Hearings Digital Collection. Reuse except for individual research requires license from ProQuest, LLC.
|
| 500 |
|
|
|a Electronic resource.
|
| 533 |
|
|
|a Electronic reproduction.
|b [Bethesda, Md.] :
|c ProQuest,
|d 2015.
|e digital, PDF file.
|n ProQuest Congressional Hearings Digital Collection.
|n Mode of access: World Wide Web via ProQuest website.
|
| 538 |
|
|
|a System requirements: PDF reader software.
|
| 650 |
|
0 |
|a Government publications
|z United States.
|0 http://id.loc.gov/authorities/subjects/sh85140119
|
| 650 |
|
0 |
|a Administrative agencies
|z United States.
|0 http://id.loc.gov/authorities/subjects/sh2007100596
|
| 650 |
|
0 |
|a Governmental investigations
|z United States.
|0 http://id.loc.gov/authorities/subjects/sh85056113
|
| 776 |
0 |
8 |
|i Microfiche version:
|a United States. Congress. House. Committee on Oversight and Government Reform.
|t Inspectors General
|o CIS 2015 H601-21
|w cis20151935
|
| 856 |
4 |
0 |
|u http://proxy.library.tamu.edu/login?url=http://search.proquest.com/congcomp/getdoc?HEARING-ID=HRG-2015-CGR-0010
|y Electronic resource (PDF)
|z CIS 2015-H601-21
|t 0
|
| 998 |
|
|
|a cis20151935
|
| 999 |
f |
f |
|s c391c297-6d57-3209-b518-d867c623ecb8
|i 4197e8b6-5c50-35a5-aca1-63b3ccc2d4e1
|t 0
|
| 952 |
f |
f |
|a Texas A&M University
|b College Station
|c Electronic Resources
|d Available Online
|t 0
|e Y 4.G 74/7:114-4
|h Superintendent of Documents classification
|
| 998 |
f |
f |
|a Y 4.G 74/7:114-4
|t 0
|l Available Online
|